International heritage and historic building conservation : saving the world's past (Record no. 10409)

000 -LEADER
fixed length control field 00452nam a2200169Ia 4500
003 - CONTROL NUMBER IDENTIFIER
control field OSt
005 - DATE AND TIME OF LATEST TRANSACTION
control field 20220316161946.0
008 - FIXED-LENGTH DATA ELEMENTS--GENERAL INFORMATION
fixed length control field 220308s9999 xx 000 0 und d
020 ## - INTERNATIONAL STANDARD BOOK NUMBER
International Standard Book Number 9781138825284
082 ## - DEWEY DECIMAL CLASSIFICATION NUMBER
Classification number 363.69
Item number AYG
100 ## - MAIN ENTRY--PERSONAL NAME
Personal name Aygen, Zeynep
245 #0 - TITLE STATEMENT
Title International heritage and historic building conservation : saving the world's past
260 ## - PUBLICATION, DISTRIBUTION, ETC. (IMPRINT)
Name of publisher, distributor, etc  ‎ Routledge; 1st edition 
365 ## - TRADE PRICE
Price type code GBP
365 ## - TRADE PRICE
Unit of pricing 46.99
942 ## - ADDED ENTRY ELEMENTS (KOHA)
Source of classification or shelving scheme
Holdings
Withdrawn status Lost status Source of classification or shelving scheme Damaged status Koha normalized classification for sorting Not for loan Permanent location Current location Date acquired Source of acquisition Cost, normal purchase price Full call number Barcode Date last seen Cost, replacement price Price effective from Koha item type
        363_690000000000000_AYG   BMS College of Architecture, Design and Planning BMS College of Architecture, Design and Planning 2022-03-16 1 3522.84 363.69 AYG AR-UG2576 2022-03-16 5032.63 2022-03-16 UG Books
Copyright © 2025, The Librarian, Library and Information Centre, BMSCA D&P, Bengaluru. All Rights Reserved
web counter

Powered by Koha